Řízení a rozvoj lidí ve firmách

Salvato in:
Dettagli Bibliografici
Autore principale: Tureckiová, Michaela
Natura: Libro
Lingua:ceco
Pubblicazione: Praha Grada Publishing 2004
Serie:Psyché
Soggetti:
Tags: Aggiungi Tag
Nessun Tag, puoi essere il primo ad aggiungerne!!

MARC

LEADER 00000nam$a2200000$$$4500
001 0019333
005 20240306141633.9
020 |a 80-247-0405-6 
041 0 |a cze 
044 |a CZ 
245 1 0 |a Řízení a rozvoj lidí ve firmách  |c Michaela Tureckiová 
264 1 |a Praha  |b Grada Publishing  |c 2004 
300 |a 168 s. 
490 1 |a Psyché 
830 0 |a Psyché 
610 2 0 |a riadenie 
610 2 0 |a riadenie ľudských zdrojov 
610 2 0 |a organizácie 
610 2 0 |a manažment 
610 2 0 |a kompetencie 
610 2 0 |a kvalifikácia 
610 2 0 |a práca personálna 
610 2 0 |a riadenie personálne 
610 2 0 |a motivácia pracovná 
610 2 0 |a vedenie ľudí 
610 2 0 |a rozvoj pracovníkov 
610 2 0 |a vzdelávanie permanentné 
610 2 0 |a komunikácia sociálna 
610 2 0 |a komunikácia firemná 
610 2 0 |a kultúra podniková 
100 1 |a Tureckiová, Michaela